000 00875nmc a2200337 a 4500
003 AR-BaBNM
005 20251128202824.0
008 056019s1960 ||||||||||||||000 | spa||
040 _cAR-BaBNM
100 1 _aSchultz de Mantovani, Fryda
245 1 0 _aLa mujer en la vida nacional
250 _a1ª ed.
260 _aBuenos Aires
_bNueva Visión
_bEdiciones Galatea
_c1960
300 0 _a103 p.
490 0 _aArgentina inédita
650 4 _aMODA
650 4 _aCLASES SOCIALES
650 4 _aVALORES SOCIALES
650 4 _aHISTORIA DE LAS COSTUMBRES
650 4 _aCOSTUMBRES Y TRADICIONES
650 4 _aMUJERES
650 4 _aBIOGRAFIAS
650 4 _aSIGLO DIECINUEVE
650 4 _aESTUDIOS CULTURALES
650 4 _aHISTORIA ARGENTINA
651 4 _aArgentina
653 _aGENERO
800 1 _aBagú, Sergio
_edirector
942 _cBK
998 _cMARTIN
999 _c744
_d744